Basic Fluid Mechanics and Hydraulic Machines (Record no. 181951)

MARC details
000 -LEADER
fixed length control field 00488nam a2200193Ia 4500
008 - FIXED-LENGTH DATA ELEMENTS--GENERAL INFORMATION
fixed length control field 240823s9999||||xx |||||||||||||| ||und||
020 ## - INTERNATIONAL STANDARD BOOK NUMBER
International Standard Book Number 978-81-7800-147-0
082 ## - DEWEY DECIMAL CLASSIFICATION NUMBER
-- 620.106 P8
100 ## - MAIN ENTRY--PERSONAL NAME
Personal name Zoeb Husain et al.
245 #0 - TITLE STATEMENT
Title Basic Fluid Mechanics and Hydraulic Machines
250 ## - EDITION STATEMENT
Edition statement 1st
260 ## - PUBLICATION, DISTRIBUTION, ETC. (IMPRINT)
Date of publication, distribution, etc 2008
Name of publisher, distributor, etc "BS Publications,Hyde"
500 ## - GENERAL NOTE
General note YES
650 ## - SUBJECT ADDED ENTRY--TOPICAL TERM
Topical term or geographic name as entry element Fluid Mechanics
942 ## - ADDED ENTRY ELEMENTS (KOHA)
Item type Books
Holdings
Withdrawn status Lost status Damaged status Permanent location Current location Date acquired Source of acquisition Cost, normal purchase price Full call number Barcode Date last seen Koha item type
      CENTRAL LIBRARY, NOORUL ISLAM CENTRE FOR HIGHER EDUCATION CENTRAL LIBRARY, NOORUL ISLAM CENTRE FOR HIGHER EDUCATION 09/23/2009 Global Book Syndicate 200.00 620.106 P8 35021 08/23/2024 Books
Visitors:
Copyright © 2024 Central Library NICHE.  All rights reserved.